000 01360nam a22002657a 4500
999 _c64032
_d64032
005 20251125233105.0
008 s2554 th tha d
020 _a9786165360548
040 _aNALT
041 _atha
050 _aJQ1745.A5 ป319ร 2554
100 0 _aประพันธ์ คูณมี
245 1 0 _aรวมพลังปกป้องแผ่นดิน : ชีวิตนี้ขอเป็นข้าพระบาท ทาสประชาชน 2
260 3 _aกรุงเทพฯ :
_bบ้านพระอาทิตย์,
_c2554
300 _a275 หน้า :
_b ภาพประกอบ ;
_c 21 ซม.
650 0 4 _aการแก้ไขรัฐธรรมนูญ -- 2550 -- มาตรา 190
650 0 4 _aMOU 43
650 0 4 _aไทย -- การเมืองและการปกครอง -- รวมเรื่อง
650 0 4 _aพันธมิตรประชาชนเพื่อประชาธิปไตย -- คำปราศรัย
650 0 4 _aประพันธ์ คุณมี, 2497-- -- กิจกรรมทางการเมือง
850 _aNALT
856 4 0 _uhttps://hdl.handle.net/20.500.14156/338244
_71
942 _cGB
_2lcc